000 00355nam a2200145Ia 4500
008 200103s9999||||xx |||||||||||||| ||und||
020 _a9780521395168
040 _aIMU-MPC
082 _aColumn-11
100 _aWarrick, R. A.
245 0 _aClimate and sea level change
260 _bCambridge University Press
_c1993
300 _axvi, 424
942 _cBK
999 _c4667
_d4667